600-700 Digits of Pi - Statistics

General Stats
  • This quiz has been taken 403 times
  • The average score is 58 of 100
Answer Stats
% Correct
2
98%
0
92%
0
88%
0
88%
5
78%
6
76%
8
76%
1
71%
4
71%
1
69%
2
69%
7
69%
2
68%
5
68%
6
68%
3
66%
0
64%
2
64%
5
64%
6
64%
3
63%
5
63%
7
63%
7
63%
8
63%
8
63%
1
61%
1
61%
3
61%
4
61%
7
61%
7
61%
0
59%
1
59%
2
59%
2
59%
3
59%
5
59%
6
59%
6
59%
7
59%
7
59%
7
59%
7
59%
7
59%
7
59%
7
59%
8
59%
8
59%
9
59%
9
59%
0
58%
1
58%
4
58%
4
58%
6
58%
8
58%
9
58%
0
56%
1
56%
2
56%
4
56%
2
54%
3
53%
3
53%
4
53%
0
51%
0
51%
1
51%
1
51%
3
51%
4
51%
4
51%
4
51%
5
51%
5
51%
5
51%
5
51%
6
51%
7
51%
8
51%
9
51%
9
51%
5
49%
0
47%
2
46%
6
46%
7
46%
7
46%
8
46%
9
46%
9
46%
2
44%
2
42%
5
42%
8
42%
9
42%
9
42%
2
41%
3
41%
No matching quizzes found
Score Distribution
Percent of People with Each Score
Percentile by Number Answered
Your Score History
You have not taken this quiz